000 00740nam a22001337a 4500
999 _c530279
_d530279
008 250603b ||||| |||| 00| 0 eng d
100 _a Debbarma, Marconi and Debbarma, Twichangma
_954049
245 _aA study on the political of identity preservation and challenges of the Buddhist minority in Tripura
260 _aSocial Action: A Quarterly Review of Social Trends
300 _a75(2), Apr-Jun, 2025: p.210-223
520 _aThis article examines the challenges faced by the Buddhist minority in Tripura, a state in northeastern India, with a focus on socio-political marginalization cultural preservation and displacement issues. – Reproduced
773 _aSocial Action: A Quarterly Review of Social Trends
942 _cAR